| 000 | 00504nam a2200157Ia 4500 | ||
|---|---|---|---|
| 008 | 170221s9999 xx 000 0 und d | ||
| 100 | _aChia-Yu Lin | ||
| 245 | _aSignal and Information Processing in Mobile Cloud Computing: Trends and Challenges | ||
| 245 | _cChia-Yu Lin and Li-Chun Wang | ||
| 260 | _bJournal of Communications | ||
| 260 | _c2012 | ||
| 300 | _a1 : | ||
| 650 | _xCommunication | ||
| 650 | _xMedia Arts | ||
| 856 | _uhttp://www.jocm.us/index.php?m=content&c=index&a=lists&catid=133 | ||
| 999 |
_c309010 _d309010 |
||